Principi generali dei diritto e iniquita nei rapporti obbligatori: aspetti giuridici dei debito internazionale dei paesi latinoamericani
保存先:
| フォーマット: | 図書 |
|---|---|
| 言語: | イタリア語 |
| 出版事項: |
Roma
Consiglio Nazionale delle Ricerche
1991
|
| シリーズ: | Ricerche Giuridiche e Politiche, III-1
|
| 主題: | |
| タグ: |
タグ追加
タグなし, このレコードへの初めてのタグを付けませんか!
|
MARC
| LEADER | 00000nam a2200000 a 4500 | ||
|---|---|---|---|
| 001 | UCV2793 | ||
| 003 | CL-VaPUC | ||
| 008 | 921110e19910000IT |||||||||||||||||ita|d | ||
| 082 | 0 | 4 | |a 341 |b PRI |2 21 |
| 245 | 1 | 0 | |a Principi generali dei diritto e iniquita nei rapporti obbligatori: aspetti giuridici dei debito internazionale dei paesi latinoamericani |
| 300 | |a 464 p | ||
| 942 | |c BK | ||
| 945 | |d 19921110 00:00:00 | ||
| 260 | |a Roma |b Consiglio Nazionale delle Ricerche |c 1991 | ||
| 650 | 0 | |a Derecho internacional |9 255637 | |
| 650 | 0 | |a Congresos |9 257560 | |
| 651 | 0 | |a América Latina |9 255027 | |
| 583 | |a last modification |c 19921110 00:00:00 |k Rodrigo Vera | ||
| 490 | 0 | |a Ricerche Giuridiche e Politiche, III-1 | |
| 999 | |c 210281 |d 210279 | ||
| 952 | |0 0 |1 0 |4 0 |6 341_000000000000000_PRI_1991 |7 0 |8 A |9 186394 |a BIBDER |b BIBDER |d 2019-11-14 |i 2538695 |o 341 PRI 1991 |p 2538695 |r 2023-01-25 |w 2019-11-14 |y BK |k DER | ||